Score 0/8 Timer 01:00
5 Plays Today
Species Name % Correct
ClownfishNemo
94.3%
Moorish Idol Gill
55.4%
Yellow TangBubbles
46.7%
Starfish Peach
44%
Pacific Cleaner Shrimp Jacques
41%
Puffer Fish Bloat
31.8%
Four-Striped DamselfishDeb
31.7%
Royal Gramma Gurgle
15.2%
Remove Ads.
Support Sporcle.
Get the best of Sporcle when you Go Orange. This ad-free experience offers more features, more stats, and more fun while also helping to support Sporcle. Thank you for becoming a member.

You're not logged in!

Compare scores with friends on all Sporcle quizzes.
OR
Log In

Show Comments

Extras

Top Quizzes Today


Score Distribution

Your Account Isn't Verified!

In order to create a playlist on Sporcle, you need to verify the email address you used during registration. Go to your Sporcle Settings to finish the process.

Report this User

Report this user for behavior that violates our Community Guidelines.

Details: